• 首页
  • 本馆介绍
  • 公告通知
  • 最新文献
  • 馆藏检索
  • 电子资源
  • 读者导购
  • 参考咨询
  • 我的图书馆
  • 登录
  • 详细信息显示
  • 放入我的书架
  • 预约/预借图书
  • 作者相关作品
  • 分类相关作品
  • 丛书相关作品
  • 出版社相关作品

书目信息

  • 表格格式
  • 工作单格式
  • 卡片格式
题名:
应用抽样技术
    
 
作者: 李金昌 主编
分册:  
出版信息: 北京   科学出版社  2010
页数: 13,254页
开本: 24cm
丛书名:
单 册:
中图分类: C811
科图分类:
主题词: 抽样调查统计--高等学校--教材 , 抽样调查统计
电子资源:
ISBN: 978-7-03-028623-9
000 01119nam0 2200265 450
001 523
005 20140905091138.20
010    @a978-7-03-028623-9@dCNY32.00
100    @a20100927d2010 em y0chiy50 ea
101 0  @achi
102    @aCN@b110000
105    @aa z 000yd
106    @ar
200 1  @a应用抽样技术@AYing Yong Chou Yang Ji Shu@f李金昌主编@FLi Jin Chang Zhu Bian
205    @a2版
210    @a北京@c科学出版社@d2010
215    @a13,254页@c照片@d24cm
300    @a普通高等教育“十一五”国家级规划教材 教育部高等学校统计学专业 教学指导分委员会推荐用书 经济与管理类统计学系列教材
330    @a本书在对抽样的含义、种类、产生历史和作用等进行阐述的基础上,对简单随机抽样、分层抽样、整群抽样、系统抽样和多阶段抽样等抽样方式,比率估计和回归估计等估计方法,不等概率抽样、样本轮换、双重抽样、随机化装置和交叉子样本等常用抽样技术,分别进行了阐述和讨论。同时,还对非抽样误差问题作了专门分析。
606 0  @a抽样调查统计@x高等学校@j教材
606 0  @a抽样调查统计
690    @aC811@v5
701  0 @a李金昌@ALi Jin Chang@f(1964~)@4主编
801  0 @aCN@bTANGWEI@c20140603
905    @b0841430-32@dC811@e99=2@f3
    
    应用抽样技术/李金昌主编.-2版.-北京:科学出版社,2010
    13,254页:照片;24cm
    普通高等教育“十一五”国家级规划教材 教育部高等学校统计学专业 教学指导分委员会推荐用书 经济与管理类统计学系列教材
    
    ISBN 978-7-03-028623-9:CNY32.00
    本书在对抽样的含义、种类、产生历史和作用等进行阐述的基础上,对简单随机抽样、分层抽样、整群抽样、系统抽样和多阶段抽样等抽样方式,比率估计和回归估计等估计方法,不等概率抽样、样本轮换、双重抽样、随机化装置和交叉子样本等常用抽样技术,分别进行了阐述和讨论。同时,还对非抽样误差问题作了专门分析。
●
相关链接 在E读中查询图书 在五车中查询图书 在当当中查询图书 在豆瓣中查询图书


正题名:应用抽样技术     索取号:C811/99=2         预约/预借

序号 登录号 条形码 馆藏地/架位号 状态 备注
1 0841430   208414303   第一样本阅览室/ [索取号:C811/99=2] 在馆    
2 0841431   208414312   密集书库-海洋学院/ [索取号:C811/99=2] 在馆    
3 0841432   208414321   第一借阅区/ [索取号:C811/99=2] 在馆    
唐山师范学院图书馆 欢迎您!
大连网信软件有限公司© 版权所有